[Event "USA-ch"]
[Site "Seattle"]
[Date "2003.01.17"]
[Round "8"]
[White "Gulko, Boris F"]
[Black "Nakamura, Hikaru"]
[Result "1-0"]
[WhiteElo "2584"]
[BlackElo "2520"]
[Annotator "Ribli,Z"]
[PlyCount "89"]
[EventDate "2003.01.09"]
[EventType "swiss"]
[EventRounds "9"]
[EventCountry "USA"]
[SourceTitle "CBM 093"]
[Source "ChessBase"]
[SourceDate "2003.04.01"]
[SourceVersion "1"]
[SourceVersionDate "2003.04.01"]
[SourceQuality "1"]

1. c4 Nf6 2. Nc3 c6 {Nach meiner Meinung stellt dieser Zug nicht die beste
Möglichkeit für Schwarz dar. Er möchte mit d7-d5 eine slawische Stellung
aufbauen, was jedoch nur nach 3.d4 oder 3.Nf3 funktioniert.} 3. e4 {Das ist
die prinzipielle Fortsetzung. Auf diese Weise bekommt Weiß die Initiative.} e5
(3... d5 4. e5 (4. exd5 cxd5 5. d4 {Mit Zugumstellung wir haben die Stellung
von Caro - Kann Verteidigung (Panov - Angriff).}) 4... d4 5. exf6 dxc3 6. fxg7
cxd2+ 7. Bxd2 Bxg7 8. Qc2 $14) 4. Nf3 Qa5 (4... Bb4 5. Nxe5 Qe7 6. Nf3 Nxe4 7.
Be2 $14) 5. d3 (5. Be2 Bb4 6. O-O O-O 7. d3 d5 8. cxd5 cxd5 9. Nxe5 Bxc3 10.
bxc3 dxe4 11. Nc4 Qc7 12. dxe4 Nxe4 13. Bf3 Be6 14. Bxe4 Bxc4 15. Re1 Na6 16.
Be3 f5 17. Bf3 Rad8 18. Qa4 Bd5 {1/2-1/2 Colovic,A-Volkov,S/Ohrid 2001/CBM 84 
(42)}) 5... d5 {Dieser Zug ist eigentlich ein Bauernopfer. Im Folgenden sehen
wir einen taktischen Kampf.} (5... Be7 6. Be2 O-O 7. O-O Re8 8. Bd2 Qc7 9. Kh1
d6 10. d4 exd4 11. Nxd4 Bf8 12. f3 a5 13. Bg5 Nbd7 14. Qd2 h6 15. Bh4 g6 16.
Rfd1 Kh7 17. Bf1 {1-0 Wirthensohn,H-Lederman,L/Haifa 1976/EXT 2000 (57)}) 6.
cxd5 cxd5 7. Nxe5 {Mit diesem Zug bekommt Weiß die Initiative - 7...d4 geht
nicht wegen 8.Nc4.} Bd6 (7... Bb4 8. Bd2 dxe4 9. Nc4 Qc5 10. a3 Bxc3 11. Bxc3
exd3 12. Bxd3 $14 O-O 13. O-O Nc6 14. Bxf6 gxf6 15. b4 Qg5 16. f4 {1/2-1/2
Ivanchuk,V-Dominguez,L/Yerevan 2001/CBM 86 (34)}) 8. Bf4 $14 {Weiß hat einen
Bauern mehr in der offenen Stellung. Es ist schwer für Schwarz etwas
Kompensation zu finden.} O-O (8... Bxe5 9. Bxe5 Nbd7 10. Bd6 $1 (10. Bxf6 Nxf6
$132) (10. Bd4 O-O 11. f3 $16) 10... d4 11. Qa4 $16) (8... Bb4 9. Bd2) 9. Nc4
$1 dxc4 10. Bxd6 {[%csl Gd6]} Re8 (10... Rd8 11. Be7 $16) 11. f3 $1 {Mit
diesem kleinen Bauernzug verstärkt Weiß sein Bauernzentrum. Schwarz hat
Entwicklungsvorteil, aber nichts mehr.} cxd3 12. Bxd3 Qb6 {[%cal Gb6d6,Gb6b2,
Gb6g1]} 13. Bb5 (13. Ba3 Nc6 14. Qe2 Ne5 15. O-O-O Be6 16. Kb1 Rac8 $44) 13...
Rd8 (13... Nc6 14. Qd2 $14 (14. Bxc6 bxc6 15. Qb3 Qe3+ 16. Ne2 Qg5 17. Ng3 Ba6
$132)) (13... Bd7 $5) 14. e5 a6 (14... Ne8 15. Bxe8 Rxe8 16. Qd2 $16) 15. Be2 (
15. Ba4 Qxb2 $13) 15... Ne8 (15... Qxb2 $2 16. Na4 $18) 16. Nd5 Qa5+ $4 {
[%mdl 8192] Schwarz verliert seinen Kopf in Komplikationen. Dieses Damenschach
verliert eigentlich eine Figur.} (16... Qxb2 $8 17. Bxb8 $2 (17. Qc1 $1 Qxc1+
18. Rxc1 Nxd6 19. exd6 (19. Nc7 Nc6 20. exd6 Rb8 21. Rd1 b5 $13) 19... Nc6 20.
Nb6 Rb8 21. Rd1 $14) (17. Rb1 Qxa2) 17... Rxd5 $1 18. Qxd5 Qxa1+ 19. Kf2 Qxh1
20. Qd8 Bd7 21. Qxd7 Rxb8 22. Bc4 Kh8 23. Qxf7 Nd6 24. exd6 Qc1 25. d7 Qd2+ $11
) 17. b4 $16 {[%csl Ra5] Nach diesem Zug findet die schwarze Dame keinen guten
Platz.} Qa3 18. Bxb8 Kh8 (18... Rxb8 19. Ne7+ $18) 19. Bd6 Nxd6 20. exd6 Rxd6
21. Qd2 (21. Qd4 $18) 21... Be6 22. Qe3 {Das ist die Pointe des weißen Spiels
- er kann seinen Nd5 retten.} Qa4 23. Nc3 Qa3 (23... Qxb4 24. O-O $18 (24. Rb1
$18)) 24. O-O Rc8 25. Nd5 Qxe3+ 26. Nxe3 $18 {[%mdl 1024] Weiß hat eine Figur
mehr - in solchen Stellung ist es besser die Partie aufzugeben...} Rd2 {
[%cal Rd2e2,Rd2a2] Mit diesem Zug Schwarz gewinnt einen Bauern zurück.} 27.
Rfe1 Bxa2 28. Bc4 $1 Bxc4 29. Nxc4 Rd4 30. Nb6 Rcd8 31. Rab1 R4d6 32. Nc4 Rd4
33. Na5 R4d7 34. Re2 Kg8 35. Kf2 f6 36. b5 Kf7 (36... axb5 37. Rxb5 $18) 37.
bxa6 bxa6 38. Rb6 Ra8 39. Ra2 Rd5 40. Nc4 Rd7 41. Rbxa6 Rxa6 42. Rxa6 {Jetzt
Weiß hat eine klare Figur mehr, der junge ambitoese Spieler "kämpft" indessen
weiter...} Ke7 43. g4 Kf7 44. Rb6 Ke7 45. h4 1-0

[Event "Bermuda-B"]
[Site "Bermuda"]
[Date "2003.01.26"]
[Round "2"]
[White "Dinstuhl, Volkmar"]
[Black "Nakamura, Hikaru"]
[Result "1-0"]
[WhiteElo "2416"]
[BlackElo "2520"]
[Annotator "Atlas,V"]
[PlyCount "69"]
[EventDate "2003.01.25"]
[EventType "tourn"]
[EventRounds "11"]
[EventCountry "BER"]
[EventCategory "10"]
[SourceTitle "CBM 094"]
[Source "ChessBase"]
[SourceDate "2003.05.26"]
[SourceVersion "1"]
[SourceVersionDate "2003.05.26"]
[SourceQuality "1"]

1. Nf3 Nf6 2. c4 c6 3. d4 d5 4. e3 a6 5. Bd3 Bg4 6. Qb3 Ra7 7. Ne5 Bh5 8. O-O
e6 9. Nc3 Nbd7 10. cxd5 Nxe5 11. dxe5 Nd7 12. e4 Nc5 13. Qc2 cxd5 14. exd5 exd5
15. Ne2 Nxd3 16. Qxd3 Bg6 $6 (16... Bxe2 {was to be preferred.}) 17. Qd4 b6 18.
Nf4 Be4 19. e6 $1 f6 (19... fxe6 {is strongly met} 20. Nxe6 Qd6 21. Nxf8 Rxf8
22. f3 {, with a dangerous attack.}) 20. Be3 Bc5 21. Qa4+ b5 22. Qb3 d4 23.
Rac1 dxe3 24. Rxc5 exf2+ 25. Rxf2 Re7 26. Qe3 f5 27. Rd2 Qb8 {[%tqu "En",
"Black's king has got stuck in the centre - how would you exploit this?","Play
energetically not to allow the black king to escape.","Use your d2-rook for
the decisive strike.","d2d7","That's it! The rook thrust makes White's attack
irresistible.",5]} 28. Rd7 $1 {[%csl Gd7,Ge6,Re7,Re8][%cal Ge3d4] Now the
black king is doomed.} Rxd7 29. exd7+ Kxd7 30. Qd4+ {[%csl Gc5,Gd4,Rd7,Gf4,Rg7]
[%cal Gd4g7] White's attack is irresistible.} Ke7 ({Or} 30... Qd6 31. Qxg7+ {
, winning.}) 31. Qxg7+ Kd6 32. Qd4+ Ke7 33. Re5+ Kf7 34. Qd7+ Kf6 35. Qe7# 1-0

[Event "Bermuda-B"]
[Site "Bermuda"]
[Date "2003.01.27"]
[Round "3"]
[White "Nakamura, Hikaru"]
[Black "Moreno Carnero, Javier"]
[Result "1-0"]
[WhiteElo "2520"]
[BlackElo "2508"]
[Annotator "Tsesarsky,I"]
[PlyCount "87"]
[EventDate "2003.01.25"]
[EventType "tourn"]
[EventRounds "11"]
[EventCountry "BER"]
[EventCategory "10"]
[SourceTitle "CBM 094"]
[Source "ChessBase"]
[SourceDate "2003.05.26"]
[SourceVersion "1"]
[SourceVersionDate "2003.05.26"]
[SourceQuality "1"]

1. d4 Nf6 2. c4 g6 3. Nc3 Bg7 4. e4 d6 5. Nf3 O-O 6. Be2 e5 7. O-O Nc6 8. d5
Ne7 9. b4 Nh5 10. Re1 a5 11. bxa5 f5 12. Nd2 Nf4 13. Bf1 ({Interestig is} 13.
Nb3 {-see reference to the 14th move.}) 13... fxe4 $6 {This move can't be
recommended.} (13... Rxa5 {-see detailed commentaries to the game 1-0 Golod,
V-Jaracz,P/Cappelle la Grande 2000/CBM 74 ext [Golod,V](39)}) 14. Nb3 $16 {
[%cal Gb3a5] Of course! Now Pa5 is protected. Be2 went to f1 but nevertheless
it can be captured by Nf4-d3 like in case of 13.Nb3. Anyway, instead of usual
f5-f4 Black have played f5xe4. In my opinion, Black hasn't sufficient
compensation for the P lack.} Nd3 15. Bxd3 exd3 16. Ne4 c5 17. Qxd3 h6 18. Bd2
Nf5 19. Rab1 g5 20. Nc1 Ra6 21. f3 Nh4 22. Ne2 Rf7 23. N2g3 Bf8 24. Rb5 {
Black can't arrange any serious activity and had to wait for White's
manoeuvres. Opening combat is lost by Black.} Be7 25. Reb1 Qf8 26. Rb6 Ra8 27.
R1b3 Qd8 28. Qb1 Bf8 29. Be1 Ra7 30. Ra3 {White prepares a5-a6.} Ra8 31. Nf1
Nf5 32. Ne3 Nd4 $2 {Tactical blunder.} ({In case of} 32... Ra7 33. Nxf5 Bxf5
34. Rab3 {White leaves with serious advantage.} Qc7 (34... Bc8 35. Nxd6 $18)
35. Bd2 Kg7 36. Qe1 Be7 $16) 33. Nxd6 Bxd6 34. Qg6+ Rg7 35. Qxd6 Qe8 36. Qxh6
$2 $16 {Inaccuracy. Why to give chances in completely winning position?} ({
Wins easily} 36. a6 $18) ({or} 36. Qxc5 $18) 36... e4 37. fxe4 Qxe4 38. Qh5 Bf5
39. h3 Rf8 40. Bg3 g4 $2 $18 ({More stubborn was} 40... Rh7 $1 41. Rh6 (41.
Qxg5+ $4 Rg7 42. Qxg7+ Kxg7 43. Rxb7+ Rf7 44. Rb2 Bc8 45. Kh2 Ba6 $132) 41...
Ne2+ 42. Qxe2 Rxh6 43. Rb3 Bc8 44. Qd3 $16) 41. Rh6 Bh7 42. Nxg4 Nf5 43. Rf3
Rxg4 44. Rxh7 1-0

[Event "Bermuda-B"]
[Site "Bermuda"]
[Date "2003.02.01"]
[Round "7"]
[White "Fridman, Daniel"]
[Black "Nakamura, Hikaru"]
[Result "1-0"]
[WhiteElo "2572"]
[BlackElo "2520"]
[Annotator "Hecht,H"]
[PlyCount "135"]
[EventDate "2003.01.25"]
[EventType "tourn"]
[EventRounds "11"]
[EventCountry "BER"]
[EventCategory "10"]
[SourceTitle "CBM 094"]
[Source "ChessBase"]
[SourceDate "2003.05.26"]
[SourceVersion "1"]
[SourceVersionDate "2003.05.26"]
[SourceQuality "1"]

1. c4 Nf6 2. Nc3 g6 3. g3 Bg7 4. Bg2 O-O 5. d4 d6 6. Nf3 Nc6 7. O-O a6 8. b3
Rb8 9. Nd5 Nh5 10. Bb2 e6 11. Nf4 Nxf4 12. gxf4 b5 13. Bc3 Bb7 14. Rc1 Ne7 15.
e3 Be4 16. Qe2 bxc4 17. Qxc4 Bc6 18. Ba5 Bb5 19. Qxc7 Bxf1 20. Rxf1 Nc6 21.
Qxd8 Nxd8 22. Bc7 Rc8 23. Bxd6 Re8 24. Bc5 Nc6 25. Nd2 Bf8 26. Ne4 Be7 27. Nd6
Bxd6 28. Bxd6 Nb8 29. b4 Rc2 30. a4 Rd8 31. Be7 Re8 32. Bc5 Rc8 33. Ra1 Kg7 34.
Be4 Rd2 35. b5 axb5 36. a5 b4 37. Bxb4 Rb2 38. Bd6 Na6 39. d5 Rd2 40. Be5+ f6
41. Bd4 exd5 42. Bxd5 Rdc2 43. Ra3 Rd8 44. Bb7 Nc5 45. Bf3 Na6 46. Bb7 Rd6 47.
Kg2 Rc7 48. Bf3 Nb4 49. Bb6 Rc8 50. Bb7 Nc2 51. Ra4 Rb8 52. Bc7 Nxe3+ 53. Kf3
Rxb7 54. Bxd6 Nf5 55. Bc5 Rc7 56. Be3 Nxe3 57. fxe3 {Optimale Deckung des
Freibauern von hinten verbunden mit Raumvorteil.} Kf7 58. a6 Ra7 59. f5 {
[%csl Ye6]} (59. Ke4 $144 Ke6 60. Kd4 Kd6 61. e4 $18) 59... gxf5 60. Kf4 {
[%csl Rf5,Rf6]} Ke6 61. h3 Ke7 62. Kxf5 Kf7 63. Ra5 (63. h4 $144 h5 64. Ra5 Ke7
65. Ra1 Kf7 66. Ra4 {wie in der Partie}) 63... Ke7 64. Ra1 Kf7 65. Ra4 Ke7 66.
h4 Kf7 67. h5 Ke7 68. Re4+ {[%csl Ga6,Rf6][%cal Re4e6]} 1-0

[Event "Bermuda-B"]
[Site "Bermuda"]
[Date "2003.02.04"]
[Round "10"]
[White "Nakamura, Hikaru"]
[Black "Paschall, William M"]
[Result "1-0"]
[WhiteElo "2520"]
[BlackElo "2444"]
[Annotator "Atlas,V"]
[PlyCount "103"]
[EventDate "2003.01.25"]
[EventType "tourn"]
[EventRounds "11"]
[EventCountry "BER"]
[EventCategory "10"]
[SourceTitle "CBM 094"]
[Source "ChessBase"]
[SourceDate "2003.05.26"]
[SourceVersion "1"]
[SourceVersionDate "2003.05.26"]
[SourceQuality "1"]

1. d4 e6 2. e4 d5 3. e5 c5 4. c3 Qb6 5. Nf3 Bd7 6. Be2 cxd4 7. cxd4 Bb5 8. Nc3
Bxe2 9. Nxe2 Ne7 10. O-O Nd7 11. Nf4 h5 12. Qd3 g6 13. Bd2 Nf5 14. Rfc1 Be7 15.
Rc2 Rd8 16. Ne2 Nb8 17. Ng3 Qa6 18. Qb3 Nxg3 19. fxg3 Nc6 20. Rf1 Rd7 21. Be3
Qb6 22. Qd3 Nb4 23. Rc8+ Rd8 24. Rxd8+ Bxd8 25. Qd2 Nc6 26. h3 Rh7 27. b3 Qa5
28. Qf2 Qc3 29. Rd1 Rh8 30. Ne1 Be7 31. Rc1 Qa5 32. Nd3 Qb5 33. Ne1 Rf8 34. Nf3
Qd3 35. Bh6 Rh8 36. Bg5 Bxg5 37. Nxg5 Rf8 38. Kh2 Qf5 39. Qd2 Rh8 40. Kg1 $1 {
[%csl Rf5][%cal Gc1f1,Gf1f5] An excellent move! White is threatening 41.Rf1,
winning the queen.} f6 {The only way to save the queen. Yet, the text move
allows White to realize a nice combination.} 41. exf6 Qxf6 {[%tqu "En",
"Black's king has got stuck in the centre - how to exploit this?","Use the
weakness of the e-file.","Use your knight for the decisive strike!","g5e6",
"This powerful blow spells a quick end for Black.",4]} 42. Nxe6 $1 {[%csl Re8,
Rf6][%cal Gc1e1,Ge1e8] Now Black is defenseless.} Kd7 {The only move. White
was threatening 43.Rf1 Qe7 44.Re1, winning the queen.} ({The knight is
invulnerable:} 42... Qxe6 43. Re1 {, winning.}) 43. Nc5+ $1 {The strongest
continuation.} Kc8 (43... Kc7 {is also strongly met by} 44. b4) 44. b4 $1 {
[%csl Rc6,Rc8][%cal Gc1c8] This eficient pawn advancement yields White a
decisive initiative.} b5 {White was threatening 45.b5.} 45. a4 $1 Kd8 (45...
bxa4 {loses after} 46. b5 Qxd4+ 47. Qxd4 Nxd4 48. Ne6+) 46. Kh2 $1 Re8 (46...
Nxd4 {falls short of} 47. Qxd4 Qxd4 48. Ne6+) 47. axb5 Ne7 (47... Qxd4 {
fails to} 48. Qg5+) 48. Ra1 Nf5 49. Qf4 Qb6 50. Ra6 $1 Qxb5 51. Rxa7 {Now mate
is inevitable.} Re7 52. Ra8+ 1-0

[Event "USA-chT Amateur East"]
[Site "Parsippany"]
[Date "2003.02.17"]
[Round "5"]
[White "Schneider, Igor"]
[Black "Nakamura, Hikaru"]
[Result "1/2-1/2"]
[WhiteElo "2237"]
[BlackElo "2520"]
[PlyCount "110"]
[EventDate "2003.02.15"]
[EventType "team"]
[EventRounds "6"]
[EventCountry "USA"]
[SourceTitle "EXT 2004"]
[Source "ChessBase"]
[SourceDate "2003.11.25"]
[SourceVersion "1"]
[SourceVersionDate "2003.11.25"]
[SourceQuality "1"]

1. e4 c5 2. Nf3 d6 3. Nc3 a6 4. d4 cxd4 5. Nxd4 Nf6 6. Bc4 b5 7. Bb3 Bb7 8. f3
e6 9. Be3 Nbd7 10. O-O Nc5 11. Qe1 Be7 12. Rd1 Nfd7 13. a4 bxa4 14. Nxa4 Qc7
15. Nxc5 Nxc5 16. Ba2 O-O 17. Ne2 Bf6 18. c3 a5 19. Bd4 Be5 20. Nc1 Rfd8 21.
Rf2 Bxd4 22. Rxd4 Qb6 23. Rd1 Na4 24. Rdd2 Bc6 25. Qd1 Rab8 26. Bb3 Nc5 27. Bc2
Bxe4 28. fxe4 Nxe4 29. Bb1 Nxf2 30. Rxf2 f5 31. Ba2 d5 32. Nd3 Qd6 33. Qe2 Rb6
34. Qe3 d4 35. cxd4 Qxd4 36. Bxe6+ Kh8 37. Qxd4 Rxd4 38. Rxf5 g6 39. Rd5 Rxd3
40. Rxd3 Rxe6 41. Rd5 Ra6 42. Rd7 Kg8 43. Rb7 h6 44. h4 Kf8 45. Kh2 a4 46. Kh3
Ke8 47. Kg4 Kd8 48. g3 Kc8 49. Rh7 a3 50. bxa3 h5+ 51. Kg5 Rxa3 52. Kxg6 Rxg3+
53. Kxh5 Kd8 54. Rf7 Ke8 55. Rf5 Rg8 1/2-1/2

[Event "Internet Section 14-A"]
[Site "Dos Hermanas"]
[Date "2003.03.14"]
[Round "2"]
[White "Tratar, Marko"]
[Black "Nakamura, Hikaru"]
[Result "1-0"]
[WhiteElo "2451"]
[BlackElo "2520"]
[PlyCount "257"]
[EventDate "2003.03.14"]
[EventType "swiss (blitz)"]
[EventRounds "9"]
[EventCountry "ESP"]
[SourceTitle "EXT 2004"]
[Source "ChessBase"]
[SourceDate "2003.11.25"]
[SourceVersion "1"]
[SourceVersionDate "2003.11.25"]
[SourceQuality "1"]

1. Nf3 Nf6 2. c4 c6 3. d4 d5 4. e3 a6 5. Qc2 g6 6. Bd3 Bg7 7. Nbd2 O-O 8. O-O
Bg4 9. b3 Nbd7 10. Bb2 Rc8 11. h3 Bxf3 12. Nxf3 c5 13. Qe2 e6 14. Rfd1 Re8 15.
Rac1 cxd4 16. exd4 Nh5 17. g3 dxc4 18. bxc4 Qc7 19. Ne5 Nxe5 20. dxe5 Qc5 21.
Kg2 Red8 22. Qe4 Bh6 23. f4 Qa5 24. a3 Rd7 25. Be2 Rcd8 26. Rxd7 Rxd7 27. Rd1
Rd2 28. Bc1 Ra2 29. Kf3 Bf8 30. g4 Ng7 31. Qxb7 Qc3+ 32. Be3 Rxa3 33. Qb6 Rb3
34. Qd4 Qxd4 35. Rxd4 a5 36. Rd8 a4 37. Ke4 Ne8 38. Rxe8 Kg7 39. Ra8 a3 40. c5
Rc3 41. Bd3 Bxc5 42. Bxc5 Rxc5 43. Rxa3 Rc1 44. g5 Rh1 45. Be2 Re1 46. Kf3 Rh1
47. Kg2 Rb1 48. Ra7 Rb2 49. Kf2 Rc2 50. Ke3 Rc3+ 51. Bd3 Rb3 52. h4 Rb2 53. Kf3
Rb3 54. Ke4 Rb4+ 55. Ke3 Rb2 56. Bc4 Kg8 57. Ra8+ Kg7 58. Ra7 Kg8 59. Be2 Rb3+
60. Kf2 Rb2 61. Ke3 Rb3+ 62. Bd3 Kg7 63. Ra1 Rb2 64. Rh1 h5 65. gxh6+ Kxh6 66.
h5 gxh5 67. Be2 Rb3+ 68. Ke4 Rb4+ 69. Ke3 Rb3+ 70. Kf2 f6 71. exf6 Kg6 72. Rxh5
Kxf6 73. Re5 Rb4 74. Kg3 Rb3+ 75. Bf3 Ra3 76. Re1 Rb3 77. Kf2 Rb2+ 78. Kg3 Rb3
79. Kg4 Ra3 80. Rb1 Ra6 81. Rb5 Ra1 82. Be2 Rg1+ 83. Kf3 Rc1 84. Bd3 Rc3 85.
Ke4 Rc1 86. Ra5 Re1+ 87. Kd4 Rd1 88. Rh5 Ke7 89. Rh3 Kf6 90. Rh6+ Ke7 91. Ke4
Re1+ 92. Kf3 Rc1 93. Ba6 Rc3+ 94. Ke4 Rc1 95. Bb5 Re1+ 96. Kd4 Rd1+ 97. Bd3 Kf7
98. Rh5 Kf6 99. Re5 Kf7 100. Ke3 Rc1 101. Kd2 Rc6 102. Bc2 Rb6 103. Kc3 Rc6+
104. Kd3 Rd6+ 105. Ke3 Rc6 106. Be4 Rb6 107. Bd3 Rb3 108. Re4 Ra3 109. Kd2 Ra2+
110. Ke3 Ra3 111. Kd4 Kf6 112. Bc4 Ra4 113. Re5 Rb4 114. Kc5 Ra4 115. Kd4 Rb4
116. Rxe6+ Kf5 117. Rd6 Ra4 118. Kc5 Kxf4 119. Kd4 Kf5 120. Rd5+ Kf6 121. Kd3
Ra1 122. Ke3 Rc1 123. Bd3 Re1+ 124. Kd4 Re7 125. Rf5+ Ke6 126. Re5+ Kf6 127.
Rh5 Rd7+ 128. Ke3 Ke6 129. Bf5+ 1-0

[Event "Internet Section 14-A"]
[Site "Dos Hermanas"]
[Date "2003.03.14"]
[Round "3"]
[White "Nakamura, Hikaru"]
[Black "Arias Torio, Sergio"]
[Result "1-0"]
[WhiteElo "2520"]
[BlackElo "2184"]
[PlyCount "71"]
[EventDate "2003.03.14"]
[EventType "swiss (blitz)"]
[EventRounds "9"]
[EventCountry "ESP"]
[SourceTitle "EXT 2004"]
[Source "ChessBase"]
[SourceDate "2003.11.25"]
[SourceVersion "1"]
[SourceVersionDate "2003.11.25"]
[SourceQuality "1"]

1. e4 e6 2. d4 d5 3. Nc3 Nf6 4. Bg5 Be7 5. e5 Nfd7 6. h4 Bxg5 7. hxg5 Qxg5 8.
Nh3 Qd8 9. Qg4 g6 10. Ng5 Nf8 11. O-O-O a6 12. Bd3 Qe7 13. Rh3 Nc6 14. Rf3 Nd8
15. Rh1 c6 16. Rh6 Kd7 17. Rf6 Kc7 18. Qf4 Bd7 19. Nxf7 Nxf7 20. Rxf7 Qb4 21.
a3 Qa5 22. Qf6 Rg8 23. Qe7 Rd8 24. a4 Kc8 25. b4 Qc7 26. a5 Re8 27. Qc5 Kb8 28.
Na4 Qd8 29. g4 Qg5+ 30. f4 Qxh6 31. Bxa6 Bc8 32. Bxb7 Rg7 33. a6 Rxf7 34. a7+
Kxb7 35. Qb6+ Ka8 36. Qb8# 1-0

[Event "Internet Section 14-A"]
[Site "Dos Hermanas"]
[Date "2003.03.14"]
[Round "4"]
[White "Pettersson, Tobias"]
[Black "Nakamura, Hikaru"]
[Result "0-1"]
[WhiteElo "2023"]
[BlackElo "2520"]
[PlyCount "86"]
[EventDate "2003.03.14"]
[EventType "swiss (blitz)"]
[EventRounds "9"]
[EventCountry "ESP"]
[SourceTitle "EXT 2004"]
[Source "ChessBase"]
[SourceDate "2003.11.25"]
[SourceVersion "1"]
[SourceVersionDate "2003.11.25"]
[SourceQuality "1"]

1. d4 d5 2. c4 c6 3. Nf3 Nf6 4. Nc3 a6 5. cxd5 cxd5 6. Bf4 Nc6 7. e3 e6 8. Be2
Be7 9. O-O O-O 10. h3 Bd7 11. Rc1 b5 12. Bd3 Qa5 13. Bb1 Rac8 14. Ne5 Nxe5 15.
Bxe5 b4 16. Ne2 Bb5 17. Rxc8 Rxc8 18. Qd2 Ne4 19. Bxe4 dxe4 20. a3 f6 21. Bg3
Qa4 22. Rc1 Rxc1+ 23. Nxc1 bxa3 24. bxa3 Qxa3 25. Qc2 Bd3 26. Qc6 Kf7 27. d5
exd5 28. Qxd5+ Kg6 29. Qc6 Qc5 30. Qe8+ Kh6 31. Nb3 Bb5 32. Qb8 Qd5 33. Nd4 Bd7
34. Qc7 a5 35. h4 a4 36. Bf4+ Kg6 37. g4 a3 38. h5+ Kf7 39. g5 a2 40. g6+ hxg6
41. hxg6+ Kxg6 42. Qa7 Bc5 43. Kh2 Bxa7 0-1

[Event "Internet Section 14-A"]
[Site "Dos Hermanas"]
[Date "2003.03.14"]
[Round "5"]
[White "Nakamura, Hikaru"]
[Black "Seeman, Tarvo"]
[Result "1-0"]
[WhiteElo "2520"]
[BlackElo "2446"]
[PlyCount "83"]
[EventDate "2003.03.14"]
[EventType "swiss (blitz)"]
[EventRounds "9"]
[EventCountry "ESP"]
[SourceTitle "EXT 2004"]
[Source "ChessBase"]
[SourceDate "2003.11.25"]
[SourceVersion "1"]
[SourceVersionDate "2003.11.25"]
[SourceQuality "1"]

1. d4 Nf6 2. c4 g6 3. Nc3 Bg7 4. e4 d6 5. Be2 O-O 6. Nf3 e5 7. O-O Nh5 8. Bg5
f6 9. Be3 Nf4 10. c5 Nxe2+ 11. Qxe2 exd4 12. Nxd4 dxc5 13. Qc4+ Rf7 14. Qxc5 c6
15. Rfd1 Qe8 16. Rac1 Bf8 17. Qc4 Bd7 18. Qb3 b5 19. a4 b4 20. Nce2 a5 21. Nf4
Na6 22. Nde6 c5 23. Rxd7 Qxd7 24. Rd1 Qc6 25. Qc4 Kh8 26. Nd8 Rd7 27. Nf7+ Kg7
28. Ne6+ Qxe6 29. Rxd7 Qxc4 30. Ne5+ Kg8 31. Nxc4 Re8 32. f3 f5 33. e5 Nb8 34.
Rc7 Na6 35. Rb7 Re7 36. Rb6 Ra7 37. Rc6 b3 38. e6 Be7 39. Bh6 Ra8 40. Nb6 Rd8
41. Nc8 Nb4 42. Nxe7+ 1-0

[Event "Internet Section 14-A"]
[Site "Dos Hermanas"]
[Date "2003.03.14"]
[Round "6"]
[White "Galego, Luis"]
[Black "Nakamura, Hikaru"]
[Result "0-1"]
[WhiteElo "2518"]
[BlackElo "2520"]
[PlyCount "92"]
[EventDate "2003.03.14"]
[EventType "swiss (blitz)"]
[EventRounds "9"]
[EventCountry "ESP"]
[SourceTitle "EXT 2004"]
[Source "ChessBase"]
[SourceDate "2003.11.25"]
[SourceVersion "1"]
[SourceVersionDate "2003.11.25"]
[SourceQuality "1"]

1. e4 c5 2. Nf3 d6 3. Nc3 a6 4. d4 cxd4 5. Nxd4 Nf6 6. Bd3 e5 7. Nb3 Be6 8. O-O
Be7 9. f4 Qc7 10. f5 Bc4 11. Kh1 b5 12. Bg5 Nbd7 13. Qf3 O-O 14. Rad1 Rac8 15.
a3 Rfe8 16. g4 h6 17. Be3 Nh7 18. Bxc4 Qxc4 19. Rf2 Ndf6 20. Rfd2 Ng5 21. Bxg5
hxg5 22. Rd3 Bf8 23. Qg2 b4 24. axb4 Qxb4 25. Ra1 Rc6 26. Ra4 Qb8 27. h3 Rec8
28. Qd2 Rc4 29. Rxc4 Rxc4 30. Qe3 Qa8 31. Nd2 Rb4 32. b3 a5 33. Qxg5 d5 34.
Nxd5 Nxd5 35. exd5 e4 36. Rc3 Qxd5 37. Qe3 Rd4 38. Nf1 Rd1 39. Kg2 Bb4 40. Rc8+
Kh7 41. c3 Be7 42. Rc4 Ra1 43. Qxe4 Ra2+ 44. Kh1 Qd1 45. Kg1 Bd6 46. f6+ g6 0-1

[Event "Internet Section 14-A"]
[Site "Dos Hermanas"]
[Date "2003.03.14"]
[Round "7"]
[White "Nakamura, Hikaru"]
[Black "Glek, Igor Vladimirovich"]
[Result "1-0"]
[WhiteElo "2520"]
[BlackElo "2576"]
[PlyCount "75"]
[EventDate "2003.03.14"]
[EventType "swiss (blitz)"]
[EventRounds "9"]
[EventCountry "ESP"]
[SourceTitle "EXT 2004"]
[Source "ChessBase"]
[SourceDate "2003.11.25"]
[SourceVersion "1"]
[SourceVersionDate "2003.11.25"]
[SourceQuality "1"]

1. d4 d5 2. c4 c5 3. dxc5 d4 4. Nf3 Nc6 5. e3 e5 6. exd4 e4 7. d5 exf3 8. dxc6
Qxd1+ 9. Kxd1 Bg4 10. Kc2 bxc6 11. Be3 Bf5+ 12. Kc1 Be4 13. gxf3 Bxf3 14. Rg1
Nf6 15. Nd2 Bg4 16. Bg2 Bd7 17. b4 Ng4 18. Bxc6 Bxc6 19. Rxg4 g6 20. Bd4 Rg8
21. Bf6 Be7 22. Bxe7 Kxe7 23. b5 f5 24. Rd4 Bg2 25. Kc2 Rgd8 26. Re1+ Kf6 27.
Nb3 a6 28. Rxd8 Rxd8 29. a4 Be4+ 30. Kc3 Rd3+ 31. Kb4 axb5 32. axb5 Ke7 33. c6
Kd6 34. Nc5 Rd4 35. Nb7+ Kc7 36. Kc5 Rd2 37. b6+ Kb8 38. Nd6 1-0